Pokémon - G/S/K-Quiz - Statistiken

Allgemein
  • Dieses Quiz wurde 44 mal gespielt
    9 seit der letzten Aktualisierung
  • Das Durchschnittsergebnis liegt bei 12 aus 15
Antwortstatistiken
Frage Antwort % Korrekt
Von welchem Arenaleiter erhält man den Basisorden? Bianka
100%
In welcher Stadt in Johto ist der berühmte Magnetzug zu finden? Dukatia City
100%
In welcher Stadt befindet sich die Drachenhöhle? Ebenholz City
100%
Was erwartet des Spieler auf der Spitze des Leuchtturms? Ein krankes Ampharos
100%
Von welchem Arenaleiter erhält man den Farborden? Erika
100%
Von welchem Arenaleiter erhält man den Flügelorden? Falk
100%
Wie heißt der Protagonist aus Pokémon Gold und Silber? Gold
100%
Von welchem Arenaleiter erhält man den Stahlorden? Jasmin
100%
Von welchem Arenaleiter erhält man den Phantomorden? Jens
100%
Von welchem Arenaleiter erhält man den Insektorden? Kai
100%
Mit welcher Attacke können in Pokémon Gold, Silber und Kristall Bäume geschüttelt werden? Kopfnuss
100%
In welcher Stadt befindet sich der Radioturm von Kanto? Lavandia
100%
Welches der folgenden Pokémon nutzt der Rivale im Kampf? Magneton
100%
Von welchem Arenaleiter erhält man den Donnerorden? Major Bob
100%
Von welchem Arenaleiter erhält man den Quellorden? Misty
100%
Welches Pokémon blockiert im Spielverlauf den Weg nach Teak City? Mogelbaum
100%
Von welchem Arenaleiter erhält man den Eisorden? Norbert
100%
Welcher Professor schenkt dem Spieler in Pokémon Gold, Silber und Kristall sein erstes Pokémon? Professor Lind
100%
Auf welchen Typ hat sich das erste Mitglied der Top Vier spezialisiert? Psycho
100%
Von welchem Arenaleiter erhält man den Vulkanorden? Pyro
100%
Von welchem Arenaleiter erhält man den Sumpforden? Sabrina
100%
Von welchem Arenaleiter erhält man den Drachenorden? Sandra
100%
Wie heißt der Rivale aus Pokémon Gold, Silber und Kristall? Silber
100%
Wie heißt der Wald im Süden der Johto-Region? Steineichenwald
100%
In welcher Stadt befindet sich die Turmruine? Teak City
100%
Welche TM erhält man vom Arenaleiter Hartwig nach dem Sieg über ihn? TM01 Wuchtschlag
100%
Welche TM erhält man vom Arenaleiter Norbert nach dem Sieg über ihn? TM16 Eissturm
100%
Welche TM erhält man von der Arenaleiterin Erika nach dem Sieg über sie? TM19 Gigasauger
100%
Welche TM erhält man von der Arenaleiterin Jasmin nach dem Sieg über sie? TM23 Eisenschweif
100%
Welche TM erhält man von der Arenaleiterin Bianka nach dem Sieg über sie? TM45 Anziehung
100%
Welche TM erhält man vom Arenaleiter Kai nach dem Sieg über ihn? TM49 Zornklinge
100%
Welches Pokémon schlüpft aus dem Ei, welches Professor Lind dem Spieler anvertraut? Togepi
100%
Auf welchen Typ hat sich das vierte Mitglied der Top Vier spezialisiert? Unlicht
100%
Wie heißt der mysteriöse Typ aus Pokémon Kristall, der hinter einem bestimmten legendären Pokémon her ist? Eusin
80%
Welche TM erhält man von der Arenaleiterin Sandra nach dem Sieg über sie? TM24 Feuerodem
80%
Auf welchen Typ hat sich das zweite Mitglied der Top Vier spezialisiert? Gift
75%
Wo befindet sich die Pokémon-Liga? Indigo-Plateau
75%
Von welchem Arenaleiter erhält man den Seelenorden? Janina
67%
Welches der folgenden Pokémon nutzt der Rivale im Kampf? Nebulak
67%
Wo befinden sich die Alph-Ruinen? Westlich von Viola City
67%
In welcher Stadt steht der Knofensa-Turm? Viola City
60%
In welchem Jahr erschienen Pokémon Gold, Silber und Kristall in Europa? 2001
50%
An welchem Ort taucht das Pokémon Lapras jeden Freitag auf? Einheitstunnel
50%
Auf welchen Typ hat sich das dritte Mitglied der Top Vier spezialisiert? Kampf
50%
Wie heißt die Stadt, in der der Spieler sein Abenteuer in Pokémon Gold und Silber beginnt? Neuborkia
50%
In welcher Stadt befindet sich der Leuchtturm? Oliviana City
50%
Welche TM erhält man von der Arenaleiterin Janina nach dem Sieg über sie? TM06 Toxin
50%
Wie viele Routen gibt es insgesamt in Pokémon Gold, Silber und Kristall? 46
33%
Welches Schiff verkehrt zwischen Oliviana City (Johto) und Orania City (Kanto)? M.S. Aqua
25%
Wie heißt die Protagonistin, welche in Pokémon Kristall eingeführt wurde? Krista
20%
Von welchem Arenaleiter erhält man den Erdorden? Blau
0%
Von welchem Arenaleiter erhält man den Faustorden? Hartwig
0%
Welches Evolitionen wurden mit Pokémon Gold und Silber eingeführt? Psiana und Nachtara
0%
Von welchem Arenaleiter erhält man den Felsorden? Rocko
0%
Welche TM erhält man vom Arenaleiter Jens nach dem Sieg über ihn? TM30 Spukball
0%
Welche TM erhält man vom Arenaleiter Falk nach dem Sieg über ihn? TM31 Lehmschelle
0%
Keine übereinstimmenden Quizze gefunden
Verteilung der Resultate
Anzahl Personen mit jedem Resultat
Perzentil nach korrekt beantworteten Fragen
Ihre Resultats-Entwicklung
Sie haben dieses Quiz seit der letzten Aktualisierung nicht gespielt